000 00637nam a2200253Ia 4500
005 20260121160706.0
008 008 260114s9999 xx 000 0 eng d
020 _a9780203798782
037 _aEBOOK
040 _aCRL
040 _beng
040 _cCRL
041 _2eng
041 _aeng
084 _qCRL
100 _a Ian Bryan; Peter Langford; John McGarry
_91035089
245 4 _aThe Reconstruction of the Juridico-Political
260 _bTaylor and Francis
260 _c2016
856 _uhttp://www.taylorfrancis.com/books/9780203798782
942 _cEBOOK
999 _c1601905
_d1601905